Tratado elemental de la teoría de los números / (Record no. 169164)

MARC details
000 -LEADER
campo de control de longitud fija 00890nam a22002175i 4500
001 - NÚMERO DE CONTROL
campo de control 169164
003 - IDENTIFICADOR DE NÚMERO DE CONTROL
campo de control ES-MaACL
005 - FECHA Y HORA DE LA ÚLTIMA TRANSACCIÓN
campo de control 20250815103632.0
008 - DATOS DE LONGITUD FIJA--INFORMACIÓN GENERAL
campo de control de longitud fija 080820s1877 sp |||| | spa d
080 ## - NÚMERO DE LA CLASIFICACIÓN DECIMAL UNIVERSAL
Número de la Clasificación Decimal Universal 511
100 1# - ENTRADA PRINCIPAL--NOMBRE DE PERSONA
Nombre de persona Jiménez, Eulogio.
9 (RLIN) 138236
245 10 - MENCIÓN DEL TÍTULO
Título Tratado elemental de la teoría de los números /
Mención de responsabilidad, etc. por Eulogio Jiménez.
260 ## - PUBLICACIÓN, DISTRIBUCIÓN, ETC.
Lugar de publicación, distribución, etc. Madrid :
Nombre del editor, distribuidor, etc. [s.n.],
Fecha de publicación, distribución, etc. 1877 (
Fabricante Impr. de la viuda de Aguado é Hijo)
300 ## - DESCRIPCIÓN FÍSICA
Extensión 687 p. ;
Dimensiones 27 cm.
490 1# - MENCIÓN DE SERIE
Mención de serie Memorias de la Real Academia de Ciencias Exactas, Físicas y Naturales de Madrid ;
Designación de volumen o secuencia 7
650 14 - PUNTO DE ACCESO ADICIONAL DE MATERIA--TÉRMINO DE MATERIA
Término de materia o nombre geográfico como elemento de entrada Números, Teoría de los.
9 (RLIN) 138233
710 2# - ENTRADA AGREGADA--NOMBRE DE ENTIDAD CORPORATIVA
Nombre de entidad corporativa o nombre de jurisdicción como elemento de entrada Real Academia de Ciencias Exactas, Físicas y Naturales de España.
9 (RLIN) 175635
830 00 - PUNTO DE ACCESO ADICIONAL DE SERIE-TÍTULO UNIFORME
Título uniforme Memorias de la Real Academia de Ciencias Exactas, Físicas y Naturales de Madrid
Designación de volumen o secuencia 7
9 (RLIN) 222794
852 ## - LOCALIZACIÓN
Ubicación ES-MaACL
Número de control de estantería F-11499
itemnumber R.143621
Holdings
Estatus retirado Estado de pérdida Estado de daño No para préstamo Colección Biblioteca de origen Biblioteca actual Ubicación en estantería Fecha de adquisición Fuente de adquisición Total de préstamos Signatura topográfica completa Código de barras Visto por última vez Precio de reemplazo Tipo de ítem Koha
        Libros del s. XIX Biblioteca del Ateneo de Madrid Biblioteca del Ateneo de Madrid Sala Pecera Planta 2 20/08/2008     F-11499 1177607 23/02/2023 23/02/2023 Libro impreso antiguo